00641nam a22002297a 4500003000400000005001700004008004100021040000900062082001900071100002300090245004500113260006100158300000900219650001600228650002700244650002700271650002500298650001900323650004100342942000900383999001900392OSt20251215152442.0251215b |||||||| |||| 00| 0 eng d cSBCL a264.019bMET-M aLiturgy Commission aMethranmarude Mrithasamskara Shrusoosha  aChanganacherry bLiturgy Commission Changanacherryc2023 a47p. aReligion  aChristian organization a social work & worship a Public worship  aPublic worship a ritual Eastern Orthodox ritual  cBOOK c137627d137627